000 00492nam a22001457a 4500
082 _a004
100 _aAhmed, Nabeel
245 _aA Predictive Classifier for Crowd Funding Success Prediction using Project Attributes /
_cNabeel Ahmed
260 _aIslamabad :
_bMCS - NUST,
_c2017.
300 _a43 p. ;
_c30cm.
650 _aComputer Software Engineering-MS-Thesis
_916105
700 _aDr. Hammad Afzal
_935034
942 _2ddc
_cTHE
999 _c540815
_d540815